000 00266nam a22001217a 4500
008 180227b xxu||||| |||| 00| 0 eng d
041 _aeng
080 _a030
100 _a25
101 _aGJU
245 _aUNGERS BIBLE DICTIONARY
_cMERRILL.F.U
942 _2udc
_cBK
999 _c43631
_d43631